[Event "Sao Paulo Hebraica op 27th"]
[Site "Sao Paulo"]
[Date "2020.01.10"]
[Round "2"]
[White "Farah, Daniel Landshoff"]
[Black "Shimizu, Erik Kazuo"]
[Result "1/2-1/2"]
[WhiteElo "1913"]
[BlackElo "1685"]
[PlyCount "96"]
[EventDate "2020.01.10"]
[EventType "swiss"]
[EventRounds "6"]
[EventCountry "BRA"]
[SourceTitle "CBM 194 Extra"]
[Source "ChessBase"]
[SourceDate "2020.03.31"]
[SourceVersion "1"]
[SourceVersionDate "2020.03.31"]
[SourceQuality "1"]

1. e4 c5 2. Nf3 e6 3. d3 Nc6 4. Nbd2 g6 5. g3 Bg7 6. Bg2 Nge7 7. 0-0 0-0 8. Re1 d5 9. c3 b6 10. exd5 exd5 11. Nb3 Bb7 12. d4 c4 13. Nbd2 Qd7 14. Nf1 Rae8 15. Bf4 f6 16. h4 Nd8 17. Qd2 Nf7 18. a4 Bc6 19. Kh2 Qb7 20. Ne3 a6 21. a5 b5 22. Nc2 Nc8 23. Nb4 Ncd6 24. Nxc6 Qxc6 25. Re2 Rxe2 26. Qxe2 Re8 27. Qc2 Ne4 28. Re1 Bh6 29. Bxh6 Nxh6 30. Bh3 Nf7 31. Bg2 Nh6 32. Bh3 Nf7 33. Re3 Kg7 34. Qe2 Qc7 35. Nd2 f5 36. Nxe4 fxe4 37. f4 Nd6 38. h5 Qf7 39. hxg6 hxg6 40. Kg1 Rh8 41. Bg4 Nf5 42. Bxf5 Qxf5 43. Qg2 Qg4 44. Re2 Rh3 45. Kf2 Qh5 46. Ke1 Qg4 47. Re3 Qh5 48. Re2 Qg4 1/2-1/2

[Event "Sao Paulo-chT"]
[Site "Sao Paulo"]
[Date "2019.02.24"]
[Round "3.3"]
[White "Farah, Daniel Landshoff"]
[Black "Quintiliano Pinto, Renato Rodrigues"]
[Result "0-1"]
[WhiteElo "1913"]
[BlackElo "2435"]
[PlyCount "60"]
[EventDate "2019.02.23"]
[EventType "team-tourn"]
[EventRounds "7"]
[EventCountry "BRA"]
[SourceTitle "CBM 189 Extra"]
[Source "ChessBase"]
[SourceDate "2019.05.31"]
[SourceVersion "1"]
[SourceVersionDate "2019.05.31"]
[SourceQuality "1"]
[WhiteTeam "Hebraica"]
[BlackTeam "Osasco"]
[WhiteTeamCountry "BRA"]
[BlackTeamCountry "BRA"]

1. e4 c5 2. Nf3 d6 3. d4 cxd4 4. Nxd4 Nf6 5. Nc3 a6 6. Be2 e5 7. Nb3 Be7 8. Be3 Be6 9. 0-0 0-0 10. f4 exf4 11. Bxf4 Nc6 12. Qd2 Rc8 13. Rad1 Ne5 14. Nd4 Qb6 15. Kh1 Rfe8 16. Na4 Qc7 17. Nxe6 fxe6 18. Nc3 Qb6 19. Qc1 Rf8 20. Be3 Qc6 21. Rd4 Qe8 22. Qd1 Qg6 23. Bf4 b5 24. Rxd6 Bxd6 25. Qxd6 Nf7 26. Qb4 Nh5 27. Be3 Ne5 28. Rxf8+ Rxf8 29. Qd4 Ng4 30. Bg1 Ng3+ 0-1

[Event "Paulista-chT"]
[Site "Sao Paulo"]
[Date "2018.02.25"]
[Round "7.4"]
[White "Rodrigues, Leonardo De Miranda"]
[Black "Farah, Daniel Landshoff"]
[Result "1-0"]
[WhiteElo "2151"]
[BlackElo "1902"]
[PlyCount "57"]
[EventDate "2018.02.17"]
[EventType "team-tourn"]
[EventRounds "7"]
[EventCountry "BRA"]
[SourceTitle "CBM 183 Extra"]
[Source "ChessBase"]
[SourceDate "2018.04.19"]
[SourceVersion "1"]
[SourceVersionDate "2018.04.19"]
[SourceQuality "1"]
[WhiteTeam "AAS CDRSJ"]
[BlackTeam "Hebraica"]
[WhiteTeamCountry "BRA"]
[BlackTeamCountry "BRA"]

1. e4 e6 2. d3 d5 3. Nd2 Nf6 4. Ngf3 c5 5. g3 Nc6 6. Bg2 Be7 7. 0-0 0-0 8. Re1 b5 9. e5 Nd7 10. Nf1 a5 11. h4 b4 12. Bf4 a4 13. N1h2 Nb6 14. h5 Ba6 15. a3 c4 16. d4 c3 17. bxc3 bxa3 18. h6 g6 19. Ng4 Nc4 20. Qc1 Rb8 21. Bg5 Bxg5 22. Nxg5 Qe7 23. Nf6+ Kh8 24. Nfxh7 Rfc8 25. Bf1 N6a5 26. Qf4 Rc7 27. Bd3 Rb2 28. Bxg6 fxg6 29. Nf8 1-0

[Event "Paulista-chT"]
[Site "Sao Paulo"]
[Date "2018.02.17"]
[Round "1.2"]
[White "Jenidarchiche, Douglas Rodrigo"]
[Black "Farah, Daniel Landshoff"]
[Result "0-1"]
[WhiteElo "1827"]
[BlackElo "1902"]
[PlyCount "76"]
[EventDate "2018.02.17"]
[EventType "team-tourn"]
[EventRounds "7"]
[EventCountry "BRA"]
[SourceTitle "CBM 183 Extra"]
[Source "ChessBase"]
[SourceDate "2018.04.19"]
[SourceVersion "1"]
[SourceVersionDate "2018.04.19"]
[SourceQuality "1"]
[WhiteTeam "Caetano CDRSJ"]
[BlackTeam "Hebraica"]
[WhiteTeamCountry "BRA"]
[BlackTeamCountry "BRA"]

1. e4 e6 2. d4 d5 3. Nc3 Nf6 4. e5 Nfd7 5. f4 c5 6. Nf3 Nc6 7. Be3 a6 8. Qd2 b5 9. Nd1 Be7 10. c3 b4 11. Bd3 bxc3 12. bxc3 cxd4 13. Nxd4 Nxd4 14. Bxd4 Nc5 15. Bc2 a5 16. 0-0 Ba6 17. Rf3 g6 18. Ne3 Rc8 19. Re1 Bh4 20. g3 Be7 21. Kh1 h5 22. Qf2 Ne4 23. Ba4+ Kf8 24. Qb2 Rb8 25. Qg2 h4 26. g4 h3 27. Qc2 Ba3 28. Nd1 Qh4 29. Rg1 Bc5 30. f5 exf5 31. gxf5 Qh5 32. Rf4 Be2 33. Rgf1 Bxf1 34. Rxf1 Bxd4 35. cxd4 gxf5 36. Ne3 Qg5 37. Nxf5 Rg8 38. Rc1 Qxc1+ 0-1

[Event "BRA-ch Amateur U2000"]
[Site "Sao Paulo"]
[Date "2017.10.13"]
[Round "3"]
[White "Do Valle Cardoso, Lucas"]
[Black "Farah, Daniel Landshoff"]
[Result "1/2-1/2"]
[WhiteElo "1959"]
[BlackElo "1888"]
[PlyCount "71"]
[EventDate "2017.10.12"]
[EventType "swiss"]
[EventRounds "7"]
[EventCountry "BRA"]
[SourceTitle "EXT 2022"]
[Source "ChessBase"]
[SourceDate "2021.10.06"]
[SourceVersion "1"]
[SourceVersionDate "2021.10.06"]
[SourceQuality "1"]

1. e4 e6 2. d4 d5 3. Nc3 Nf6 4. e5 Nfd7 5. f4 c5 6. Nf3 Nc6 7. Be3 a6 8. Qd2 g6 9. Be2 b5 10. dxc5 Bxc5 11. Nd4 Nxd4 12. Bxd4 Bxd4 13. Qxd4 Qb6 14. 0-0-0 Bb7 15. Bf3 Qxd4 16. Rxd4 0-0-0 17. a4 bxa4 18. Nxa4 Kb8 19. h4 h5 20. Rhd1 Rc8 21. b3 Nc5 22. Kb2 Rc6 23. Nxc5 Rxc5 24. c4 dxc4 25. Bxb7 Kxb7 26. Rd7+ Rc7 27. Rxc7+ Kxc7 28. b4 Rd8 29. Rxd8 Kxd8 30. Kc3 Kc7 31. Kxc4 Kb6 32. Kc3 Kc6 33. Kc4 Kb6 34. Kc3 Kc6 35. Kb3 Kb5 36. Kc3 1/2-1/2

[Event "Sao Paulo op-B U2050 6th"]
[Site "Sao Paulo"]
[Date "2017.04.16"]
[Round "5"]
[White "Jorge, Denrick Cabral Jose"]
[Black "Farah, Daniel Landshoff"]
[Result "0-1"]
[WhiteElo "1898"]
[BlackElo "1882"]
[PlyCount "116"]
[EventDate "2017.04.14"]
[EventType "swiss"]
[EventRounds "6"]
[EventCountry "BRA"]
[SourceTitle "EXT 2019"]
[Source "ChessBase"]
[SourceDate "2018.10.10"]
[SourceVersion "1"]
[SourceVersionDate "2018.10.10"]
[SourceQuality "1"]

1. e4 e6 2. d4 d5 3. e5 c5 4. c3 Nc6 5. f4 Qb6 6. Nf3 Nge7 7. dxc5 Qxc5 8. Bd3 Bd7 9. Qe2 Nb4 10. Be3 Nxd3+ 11. Qxd3 Qa5 12. Nd4 a6 13. 0-0 Nc6 14. Nd2 Nxd4 15. Qxd4 Rc8 16. Nb3 Qb5 17. Qd2 Be7 18. Nd4 Qc5 19. f5 exf5 20. Nxf5 Bxf5 21. Rxf5 0-0 22. Rf4 Qc6 23. Rd1 Rcd8 24. Rd4 Bc5 25. Rd3 Bxe3+ 26. Qxe3 Rd7 27. b3 b5 28. Rd4 Qb6 29. R4d3 Qc6 30. Qd2 Rfd8 31. Rd4 Qe6 32. c4 bxc4 33. bxc4 Qxe5 34. cxd5 Rd6 35. Re1 Qf5 36. Qe3 h6 37. Qe5 Qd7 38. Qe2 Qa7 39. Qf2 Rxd5 40. Rde4 Qxf2+ 41. Kxf2 Rf5+ 42. Ke2 Rd6 43. Re3 Rdf6 44. Rf3 Re6+ 45. Kf2 Rxf3+ 46. gxf3 Rxe1 47. Kxe1 f5 48. Ke2 g5 49. Ke3 Kg7 50. Kd4 Kf6 51. Kc5 Ke5 52. Kb6 g4 53. fxg4 f4 54. Kxa6 f3 55. a4 f2 56. a5 f1Q+ 57. Kb6 Kd6 58. a6 Qb1+ 0-1

[Event "Sao Paulo op-B U2050 6th"]
[Site "Sao Paulo"]
[Date "2017.04.15"]
[Round "3"]
[White "Nobre, Jailson Altair Barb"]
[Black "Farah, Daniel Landshoff"]
[Result "0-1"]
[WhiteElo "1740"]
[BlackElo "1882"]
[PlyCount "108"]
[EventDate "2017.04.14"]
[EventType "swiss"]
[EventRounds "6"]
[EventCountry "BRA"]
[SourceTitle "EXT 2019"]
[Source "ChessBase"]
[SourceDate "2018.10.10"]
[SourceVersion "1"]
[SourceVersionDate "2018.10.10"]
[SourceQuality "1"]

1. e4 e6 2. d3 d5 3. Nd2 Nf6 4. Ngf3 c5 5. g3 Nc6 6. Bg2 Be7 7. 0-0 0-0 8. Re1 b5 9. e5 Nd7 10. Nf1 Nb6 11. h4 f6 12. Bf4 f5 13. c3 Bd7 14. Ng5 h6 15. Nh3 a5 16. Qd2 Kh7 17. h5 a4 18. a3 Na5 19. Qe2 Nb3 20. Rad1 Rc8 21. g4 Qe8 22. g5 hxg5 23. Nxg5+ Bxg5 24. Bxg5 b4 25. Qf3 d4 26. c4 bxa3 27. bxa3 Bc6 28. Qh3 Bxg2 29. Kxg2 Rc7 30. Nd2 Qa8+ 31. Qf3 Nxd2 32. Rxd2 Qa5 33. Qd1 Qc3 34. Qc1 Qa5 35. Rb2 Qa8+ 36. Kg3 Nd7 37. Qf4 Rb7 38. Rxb7 Qxb7 39. Be7 Rf7 40. Bd6 Qb3 41. Qg5 Qxd3+ 42. Kg2 f4 43. Qg4 f3+ 44. Kg3 Qf5 45. Qxf5+ Rxf5 46. Kg4 Kh6 47. Rb1 Nxe5+ 48. Bxe5 Rxe5 49. Rb6 d3 50. Kxf3 d2 51. Rd6 Rd5 52. Rxd5 exd5 53. Ke2 d4 54. Kxd2 Kxh5 0-1

[Event "Sao Paulo Interclubs Paulista"]
[Site "Sao Paulo"]
[Date "2017.03.11"]
[Round "6.2"]
[White "Farah, Daniel Landshoff"]
[Black "Oliveira, Luis Felipe Cantidi"]
[Result "1-0"]
[WhiteElo "2109"]
[BlackElo "2000"]
[PlyCount "79"]
[EventDate "2017.03.04"]
[EventType "team-tourn"]
[EventRounds "7"]
[EventCountry "BRA"]
[SourceTitle "CBM 177 Extra"]
[Source "ChessBase"]
[SourceDate "2017.04.27"]
[SourceVersion "1"]
[SourceVersionDate "2017.04.27"]
[SourceQuality "1"]
[WhiteTeam "Hebraica"]
[BlackTeam "Sao Jose CC"]
[WhiteTeamCountry "BRA"]
[BlackTeamCountry "BRA"]

1. e4 c5 2. Nf3 d6 3. d4 cxd4 4. Nxd4 Nf6 5. Nc3 a6 6. f3 e5 7. Nb3 Be6 8. Be3 Be7 9. Qd2 0-0 10. 0-0-0 Qc7 11. g4 Nbd7 12. g5 Nh5 13. Nd5 Bxd5 14. Qxd5 b5 15. Qd2 Rfc8 16. Kb1 Nb6 17. Na5 Nf4 18. h4 d5 19. Qf2 Na4 20. Nb3 d4 21. Bc1 Ne6 22. Bh3 Qb6 23. Qh2 Nac5 24. Qxe5 Nxb3 25. axb3 Bd6 26. Qd5 Bc5 27. Bxe6 fxe6 28. Qe5 a5 29. h5 a4 30. h6 Rc7 31. b4 Bxb4 32. g6 hxg6 33. hxg7 Rxg7 34. Qh2 Kf7 35. Qf4+ Ke7 36. Qe5 Rf7 37. Bg5+ Kd7 38. Rxd4+ Bd6 39. Rhd1 Ra6 40. Rxd6+ 1-0

[Event "Sao Paulo Interclubs Paulista"]
[Site "Sao Paulo"]
[Date "2017.03.04"]
[Round "2.1"]
[White "Cipolli, Antonio Carlos Rodr"]
[Black "Farah, Daniel Landshoff"]
[Result "1/2-1/2"]
[WhiteElo "2206"]
[BlackElo "2109"]
[PlyCount "52"]
[EventDate "2017.03.04"]
[EventType "team-tourn"]
[EventRounds "7"]
[EventCountry "BRA"]
[SourceTitle "CBM 177 Extra"]
[Source "ChessBase"]
[SourceDate "2017.04.27"]
[SourceVersion "1"]
[SourceVersionDate "2017.04.27"]
[SourceQuality "1"]
[WhiteTeam "Sao Jose Taimanov"]
[BlackTeam "Hebraica"]
[WhiteTeamCountry "BRA"]
[BlackTeamCountry "BRA"]

1. e4 e6 2. d4 d5 3. exd5 exd5 4. Nf3 Nf6 5. Bd3 Be7 6. 0-0 0-0 7. Re1 Nbd7 8. Bf4 Re8 9. Nc3 c6 10. h3 Nf8 11. Qd2 Ng6 12. Bg5 h6 13. Bxf6 Bxf6 14. Rxe8+ Qxe8 15. Re1 Qd8 16. Ne2 Qc7 17. Nf4 Bg4 18. Nxg6 Bxf3 19. gxf3 fxg6 20. Bxg6 Rf8 21. Qe3 Qd6 22. Bd3 Bg5 23. Qe2 Qf4 24. Qe6+ Qf7 25. Kg2 a6 26. Qxf7+ Kxf7 1/2-1/2

[Event "Sao Bernardo do Campo op"]
[Site "Sao Bernardo do Campo"]
[Date "2016.07.24"]
[Round "6"]
[White "Gerbelli Neto, Eduardo"]
[Black "Farah, Daniel Landshoff"]
[Result "1-0"]
[WhiteElo "2139"]
[BlackElo "1889"]
[PlyCount "31"]
[EventDate "2016.07.22"]
[EventType "swiss"]
[EventRounds "6"]
[EventCountry "BRA"]
[SourceTitle "EXT 2017"]
[Source "ChessBase"]
[SourceDate "2016.10.25"]
[SourceVersion "1"]
[SourceVersionDate "2016.10.25"]
[SourceQuality "1"]

1. e4 e6 2. d4 d5 3. Nc3 Nf6 4. e5 Nfd7 5. Nf3 c5 6. Bg5 Qb6 7. dxc5 Bxc5 8. Qd2 Nc6 9. 0-0-0 Bxf2 10. Na4 Qb4 11. Qxf2 Qxa4 12. a3 Ncxe5 13. Nxe5 Nxe5 14. Qc5 Qd7 15. Bb5 Nc6 16. Rxd5 1-0

[Event "Sao Bernardo do Campo op"]
[Site "Sao Bernardo do Campo"]
[Date "2016.07.23"]
[Round "4"]
[White "Farah, Daniel Landshoff"]
[Black "Briceno, Julio Cesar Colivet"]
[Result "1-0"]
[WhiteElo "1889"]
[BlackElo "1785"]
[PlyCount "83"]
[EventDate "2016.07.22"]
[EventType "swiss"]
[EventRounds "6"]
[EventCountry "BRA"]
[SourceTitle "EXT 2017"]
[Source "ChessBase"]
[SourceDate "2016.10.25"]
[SourceVersion "1"]
[SourceVersionDate "2016.10.25"]
[SourceQuality "1"]

1. e4 c6 2. d4 d5 3. e5 Bf5 4. h4 Bd7 5. Nf3 e6 6. Nbd2 c5 7. c3 Nc6 8. Bd3 Qb6 9. dxc5 Bxc5 10. 0-0 Nh6 11. Nb3 Be7 12. Re1 Ng4 13. Qe2 h5 14. Bf4 0-0-0 15. Nbd4 Kb8 16. a4 Nxd4 17. cxd4 a5 18. Bd2 f6 19. exf6 gxf6 20. Bb5 e5 21. dxe5 fxe5 22. Bxd7 Rxd7 23. Nxe5 Rc7 24. Nxg4 hxg4 25. Bf4 Bd6 26. Bxd6 Qxd6 27. g3 Rf8 28. Qxg4 Qb6 29. Re2 Rcf7 30. Rf1 Qf6 31. Qe6 Qd4 32. Qe5+ Qxe5 33. Rxe5 Rd7 34. Rd1 d4 35. f4 Rc8 36. Rd2 Rc4 37. Rxa5 d3 38. Kf2 Rb4 39. Ke3 Rb3 40. Rb5 Re7+ 41. Kf2 Rxb5 42. axb5 1-0

[Event "Sao Paulo Big Fun 2nd"]
[Site "Sao Paulo"]
[Date "2015.09.21"]
[Round "1.1"]
[White "Farah, Daniel Landshoff"]
[Black "Regensteiner, Valter Scheffer"]
[Result "1-0"]
[WhiteElo "1906"]
[BlackElo "1346"]
[PlyCount "57"]
[EventDate "2015.09.21"]
[EventType "tourn"]
[EventRounds "6"]
[EventCountry "BRA"]
[SourceTitle "EXT 2022"]
[Source "ChessBase"]
[SourceDate "2021.10.06"]
[SourceVersion "1"]
[SourceVersionDate "2021.10.06"]
[SourceQuality "1"]

1. e4 e5 2. Nf3 Nc6 3. Bb5 a6 4. Ba4 Nf6 5. 0-0 b5 6. Bb3 Be7 7. Re1 d5 8. exd5 Nxd5 9. Nxe5 Nxe5 10. Rxe5 c6 11. c3 0-0 12. d4 Bd6 13. Re1 Qh4 14. g3 Qh3 15. Nd2 Bd7 16. Re4 a5 17. Rh4 Qe6 18. Bc2 h6 19. Ne4 Rfe8 20. Nxd6 Qxd6 21. Bd2 Rad8 22. Qh5 a4 23. Re1 Rxe1+ 24. Bxe1 Re8 25. Bd2 c5 26. dxc5 Qxc5 27. Be4 f5 28. Bxf5 Bxf5 29. Qxe8+ 1-0

[Event "Sao Paulo Cordioli Memorial"]
[Site "Sao Paulo"]
[Date "2015.09.05"]
[Round "1"]
[White "Maluf, Felipe Giongo"]
[Black "Farah, Daniel Landshoff"]
[Result "0-1"]
[WhiteElo "1763"]
[BlackElo "1906"]
[PlyCount "94"]
[EventDate "2015.09.05"]
[EventType "swiss"]
[EventRounds "6"]
[EventCountry "BRA"]
[SourceTitle "EXT 2016"]
[Source "ChessBase"]
[SourceDate "2015.10.08"]
[SourceVersion "1"]
[SourceVersionDate "2015.10.08"]
[SourceQuality "1"]

1. e4 e6 2. d4 d5 3. Nc3 Nf6 4. Bg5 Be7 5. e5 Nfd7 6. h4 Bxg5 7. hxg5 Qxg5 8. Nh3 Qe7 9. Qg4 f5 10. Qg3 a6 11. 0-0-0 c5 12. dxc5 Nxc5 13. f4 Nc6 14. Ng5 h6 15. Be2 Rg8 16. Bh5+ g6 17. Nh3 Qf7 18. Bf3 Bd7 19. Nf2 Qg7 20. Ne2 0-0-0 21. Nd4 g5 22. Nxc6 Bxc6 23. Nd3 Nxd3+ 24. Rxd3 Bb5 25. Rc3+ Kb8 26. Re1 Rc8 27. Rxc8+ Rxc8 28. Be2 Qc7 29. c3 Bxe2 30. Rxe2 Qc4 31. Rf2 gxf4 32. Qxf4 Qxf4+ 33. Rxf4 Rc4 34. Rf3 Re4 35. Rh3 Rxe5 36. Rxh6 Kc7 37. Kd2 Kc6 38. Rh5 Re4 39. Rh3 Kc5 40. Re3 Rxe3 41. Kxe3 e5 42. b3 b5 43. a3 a5 44. Kd3 f4 45. Ke2 e4 46. Kd2 a4 47. bxa4 bxa4 0-1

[Event "Sao Paulo Hebraica 12th"]
[Site "Sao Paulo"]
[Date "2015.08.16"]
[Round "4.4"]
[White "Capelo, Martinho Figueira"]
[Black "Farah, Daniel Landshoff"]
[Result "1/2-1/2"]
[WhiteElo "1853"]
[BlackElo "1911"]
[PlyCount "104"]
[EventDate "2015.08.15"]
[EventType "tourn"]
[EventRounds "9"]
[EventCountry "BRA"]
[SourceTitle "EXT 2022"]
[Source "ChessBase"]
[SourceDate "2021.10.06"]
[SourceVersion "1"]
[SourceVersionDate "2021.10.06"]
[SourceQuality "1"]

1. e4 e6 2. d4 d5 3. Nd2 Nf6 4. e5 Nfd7 5. Ngf3 c5 6. c3 Nc6 7. Bd3 a6 8. 0-0 Be7 9. b4 cxb4 10. cxb4 Nxb4 11. Bb1 Nb6 12. a3 Nc6 13. Nb3 Nc4 14. Nfd2 b5 15. Qg4 g6 16. Nf3 h5 17. Qf4 N6a5 18. Nc5 Nb7 19. Nd3 Bd7 20. h4 a5 21. Qg3 Bc6 22. Nf4 Kd7 23. Nh3 b4 24. Nhg5 Rf8 25. Nh7 bxa3 26. Nxf8+ Qxf8 27. Ng5 a4 28. Nh7 Qg7 29. Ng5 Nba5 30. Bxa3 Nxa3 31. Rxa3 Bxa3 32. Qxa3 Nc4 33. Qf3 Nd2 34. Qa3 Qf8 35. Qxf8 Rxf8 36. Rd1 Nxb1 37. Rxb1 Ke7 38. Rb6 Bd7 39. Ra6 Rb8 40. Nh7 Rb4 41. Ra7 Kd8 42. Ng5 Rxd4 43. Nxf7+ Ke7 44. Nh8 Re4 45. f3 Rc4 46. Nxg6+ Kd8 47. Nf8 Bc8 48. Nh7 Rxh4 49. Nf6 Rf4 50. Nxh5 Rf5 51. Ng3 Rxe5 52. Rxa4 Bd7 1/2-1/2

[Event "Campinas IRT Regional 8th"]
[Site "Campinas"]
[Date "2015.06.20"]
[Round "2.4"]
[White "Farah, Daniel Landshoff"]
[Black "De Albuquerque, Gabriel Tenorio"]
[Result "1-0"]
[WhiteElo "1915"]
[BlackElo "1607"]
[PlyCount "87"]
[EventDate "2015.05.26"]
[EventType "swiss"]
[EventRounds "5"]
[EventCountry "BRA"]
[SourceTitle "EXT 2022"]
[Source "ChessBase"]
[SourceDate "2021.10.06"]
[SourceVersion "1"]
[SourceVersionDate "2021.10.06"]
[SourceQuality "1"]

1. e4 e5 2. Nf3 Nc6 3. Bc4 d6 4. c3 Nf6 5. d3 Be6 6. Bxe6 fxe6 7. Qb3 Qc8 8. 0-0 Be7 9. Nbd2 0-0 10. Re1 Nd8 11. d4 exd4 12. cxd4 Nf7 13. e5 Nd5 14. Ne4 Qd7 15. Bd2 c6 16. exd6 Bxd6 17. Qd3 Nf4 18. Bxf4 Bxf4 19. Nc5 Qd6 20. Rxe6 Qd5 21. Re2 Nd8 22. a3 b6 23. Na4 Ne6 24. Nc3 Qd7 25. Qc4 Rae8 26. Rae1 Rf6 27. d5 cxd5 28. Nxd5 Rf5 29. Rxe6 Rxe6 30. Nxf4 Rxf4 31. Qxe6+ Qxe6 32. Rxe6 Kf7 33. Rc6 Ra4 34. Ne5+ Ke7 35. g3 Re4 36. f4 Re2 37. b4 Kd8 38. Rd6+ Kc8 39. Re6 Ra2 40. Re8+ Kb7 41. Re7+ Ka6 42. Rxg7 Rxa3 43. f5 Re3 44. Re7 1-0

[Event "Sao Paulo Hebraica op 20th"]
[Site "Sao Paulo"]
[Date "2015.06.04"]
[Round "2"]
[White "Cristobal, Manuel"]
[Black "Farah, Daniel Landshoff"]
[Result "1-0"]
[WhiteElo "2266"]
[BlackElo "1915"]
[PlyCount "63"]
[EventDate "2015.06.04"]
[EventType "swiss"]
[EventRounds "6"]
[EventCountry "BRA"]
[SourceTitle "CBM 166 Extra"]
[Source "ChessBase"]
[SourceDate "2015.06.18"]
[SourceVersion "1"]
[SourceVersionDate "2015.06.18"]
[SourceQuality "1"]

1. Nf3 d5 2. g3 Nf6 3. Bg2 Bf5 4. 0-0 h6 5. c4 c6 6. d4 e6 7. Nc3 dxc4 8. Ne5 Nbd7 9. e4 Bh7 10. Nxc4 Nb6 11. Na5 Qd7 12. a3 Be7 13. b4 0-0 14. Be3 Rfe8 15. Qe2 Bf8 16. f4 Bg6 17. g4 Rad8 18. Bf3 Kh8 19. h4 Bh7 20. g5 Ng8 21. Qg2 Re7 22. Rad1 Qe8 23. h5 Red7 24. Kh1 hxg5 25. fxg5 e5 26. d5 cxd5 27. Nxd5 Nxd5 28. exd5 e4 29. Be2 Rxd5 30. Rxd5 Rxd5 31. g6 fxg6 32. Rxf8 1-0

[Event "Sao Paulo Hebraica op 20th"]
[Site "Sao Paulo"]
[Date "2015.06.04"]
[Round "1"]
[White "Farah, Daniel Landshoff"]
[Black "Zmetek, Marcos Simao"]
[Result "1-0"]
[WhiteElo "1915"]
[BlackElo "1454"]
[PlyCount "47"]
[EventDate "2015.06.04"]
[EventType "swiss"]
[EventRounds "6"]
[EventCountry "BRA"]
[SourceTitle "CBM 166 Extra"]
[Source "ChessBase"]
[SourceDate "2015.06.18"]
[SourceVersion "1"]
[SourceVersionDate "2015.06.18"]
[SourceQuality "1"]

1. e4 e5 2. Nf3 Nc6 3. Bb5 a6 4. Ba4 Nf6 5. 0-0 b5 6. Bb3 d6 7. c3 Bg4 8. Re1 Be7 9. d3 0-0 10. Nbd2 Qd7 11. Nf1 d5 12. exd5 Nxd5 13. h3 Bxf3 14. Qxf3 Rad8 15. Bd2 Bf6 16. Ng3 Rfe8 17. Rad1 Nde7 18. Ne4 Qf5 19. Qe2 Ng6 20. g4 Qd7 21. Qf3 Qe7 22. g5 Nf4 23. Bxf4 exf4 24. Nxf6+ 1-0

[Event "Paulista-chTA"]
[Site "Sao Paulo"]
[Date "2015.03.07"]
[Round "5.4"]
[White "Farah, Daniel Landshoff"]
[Black "Araujo, Renan Aparecido"]
[Result "0-1"]
[WhiteElo "2098"]
[BlackElo "2035"]
[PlyCount "48"]
[EventDate "2015.02.28"]
[EventType "team-tourn"]
[EventRounds "7"]
[EventCountry "BRA"]
[SourceTitle "EXT 2017"]
[Source "ChessBase"]
[SourceDate "2016.10.25"]
[SourceVersion "1"]
[SourceVersionDate "2016.10.25"]
[SourceQuality "1"]
[WhiteTeam "Hebraica II"]
[BlackTeam "Osasco"]
[WhiteTeamCountry "BRA"]
[BlackTeamCountry "BRA"]

1. e4 Nf6 2. e5 Nd5 3. Nc3 e6 4. Nxd5 exd5 5. d4 d6 6. f4 dxe5 7. dxe5 Bc5 8. Nf3 Bf5 9. Bd3 Bxd3 10. Qxd3 c6 11. Be3 Bxe3 12. Qxe3 Qa5+ 13. c3 Qb6 14. Qd2 Qa6 15. f5 Nd7 16. Qg5 Qd3 17. e6 fxe6 18. fxe6 Nc5 19. Rd1 Qe4+ 20. Kf2 Qc2+ 21. Ke1 0-0 22. e7 Rae8 23. Qe3 Rf7 24. Rd2 Qc1+ 0-1

[Event "Sao Paulo op-B 2nd"]
[Site "Sao Paulo"]
[Date "2015.02.06"]
[Round "2"]
[White "Farah, Daniel Landshoff"]
[Black "Schmidt, Guilherme Machado L"]
[Result "1-0"]
[WhiteElo "1933"]
[BlackElo "1604"]
[PlyCount "62"]
[EventDate "2015.02.05"]
[EventType "swiss"]
[EventRounds "6"]
[EventCountry "BRA"]
[SourceTitle "CBM 164 Extra"]
[Source "ChessBase"]
[SourceDate "2015.03.02"]
[SourceVersion "1"]
[SourceVersionDate "2015.03.02"]
[SourceQuality "1"]

1. e4 c5 2. Nf3 d6 3. d4 cxd4 4. Nxd4 Nf6 5. Nc3 g6 6. Be3 Bg7 7. f3 0-0 8. Qd2 Re8 9. 0-0-0 Nc6 10. g4 Nxd4 11. Bxd4 Be6 12. g5 Nh5 13. Bxg7 Nxg7 14. Nd5 Bxd5 15. Qxd5 Qb6 16. Bc4 Qe3+ 17. Kb1 Qf4 18. Qxb7 Ne6 19. Bxe6 fxe6 20. Qb3 Kf7 21. h4 Rab8 22. Qd3 Rb6 23. h5 Qe5 24. b3 Rg8 25. f4 Qb5 26. hxg6+ hxg6 27. Rh7+ Rg7 28. Qh3 Qe2 29. Rh1 Ra6 30. Rxg7+ Ke8 31. Qh8+ Kd7 1-0